[Event "Guillermo Garcia Memorial op 27th"]
[Site "Santa Clara"]
[Date "2018.05.30"]
[Round "8"]
[White "Lotero, Faiber"]
[Black "Gonzalez Mompie, Reynier"]
[Result "1-0"]
[WhiteElo "2122"]
[BlackElo "2059"]
[PlyCount "93"]
[EventDate "2018.05.22"]
[EventType "swiss"]
[EventRounds "9"]
[EventCountry "CUB"]
[SourceTitle "CBM 184 Extra"]
[Source "ChessBase"]
[SourceDate "2018.06.28"]
[SourceVersion "1"]
[SourceVersionDate "2018.06.28"]
[SourceQuality "1"]

1. e4 c5 2. Nf3 d6 3. d4 cxd4 4. Nxd4 Nf6 5. Nc3 a6 6. Bc4 e6 7. Bb3 b5 8. f4 Bb7 9. f5 e5 10. Nf3 h6 11. Bxf7+ Kxf7 12. Nxe5+ Ke8 13. Ng6 Rg8 14. Bf4 b4 15. Nd5 Bxd5 16. exd5 Qb6 17. Qe2+ Kd8 18. 0-0-0 Nbd7 19. Rhe1 Kc7 20. Qc4+ Qc5 21. Qb3 Qb5 22. Nxf8 Rgxf8 23. Bxd6+ Kb7 24. Bxf8 Rxf8 25. Rd4 a5 26. Qg3 Re8 27. Rxe8 Nxe8 28. Rd1 Qc4 29. d6 a4 30. Qf3+ Qc6 31. Qe3 Nxd6 32. Qd4 Kc7 33. Qxb4 Nb6 34. Qd4 Nxf5 35. Qe5+ Nd6 36. Qxg7+ Nd7 37. Qxh6 Nc5 38. h4 a3 39. bxa3 Nce4 40. Qg7+ Kb6 41. h5 Ka6 42. Qd4 Nb5 43. Qd3 Qh6+ 44. Kb1 Nec3+ 45. Ka1 Nxd1 46. Qg6+ Qxg6 47. hxg6 1-0

[Event "Guillermo Garcia Memorial op 27th"]
[Site "Santa Clara"]
[Date "2018.05.28"]
[Round "6"]
[White "Castano, Saray"]
[Black "Gonzalez Mompie, Reynier"]
[Result "0-1"]
[WhiteElo "1582"]
[BlackElo "2059"]
[PlyCount "62"]
[EventDate "2018.05.22"]
[EventType "swiss"]
[EventRounds "9"]
[EventCountry "CUB"]
[SourceTitle "CBM 184 Extra"]
[Source "ChessBase"]
[SourceDate "2018.06.28"]
[SourceVersion "1"]
[SourceVersionDate "2018.06.28"]
[SourceQuality "1"]

1. e4 c5 2. Nf3 d6 3. d4 cxd4 4. Nxd4 Nf6 5. Nc3 a6 6. Be3 e5 7. Nb3 Be6 8. f3 Nbd7 9. Qd2 b5 10. 0-0-0 Be7 11. g4 0-0 12. h4 Nb6 13. h5 b4 14. Nb1 a5 15. g5 Nfd7 16. Qg2 a4 17. N3d2 Qc7 18. g6 Rfc8 19. gxf7+ Bxf7 20. Bd3 b3 21. axb3 axb3 22. c3 Ra1 23. Rdg1 Bf6 24. Bg5 Kf8 25. Bxf6 Nxf6 26. Qxg7+ Ke7 27. Qh6 Na4 28. c4 Qa7 29. Nxb3 Bxc4 30. Bxc4 Rxc4+ 31. Kd2 Qf2+ 0-1

[Event "Guillermo Garcia Memorial op 27th"]
[Site "Santa Clara"]
[Date "2018.05.22"]
[Round "1"]
[White "Gonzalez Mompie, Reynier"]
[Black "Lopez Gonzalez, Abel Fabian"]
[Result "0-1"]
[WhiteElo "2059"]
[BlackElo "2318"]
[PlyCount "72"]
[EventDate "2018.05.22"]
[EventType "swiss"]
[EventRounds "9"]
[EventCountry "CUB"]
[SourceTitle "CBM 184 Extra"]
[Source "ChessBase"]
[SourceDate "2018.06.28"]
[SourceVersion "1"]
[SourceVersionDate "2018.06.28"]
[SourceQuality "1"]

1. e4 e5 2. Nf3 Nc6 3. Bb5 a6 4. Ba4 Nf6 5. 0-0 Be7 6. Re1 b5 7. Bb3 d6 8. c3 0-0 9. h3 Nb8 10. d4 Nbd7 11. Nbd2 Bb7 12. Bc2 Re8 13. Nf1 Bf8 14. Ng3 g6 15. a4 c5 16. d5 c4 17. Bg5 Nc5 18. Nh2 Be7 19. Bh6 Nfd7 20. a5 Bc8 21. Ra3 Nb7 22. Qd2 Nxa5 23. Rea1 Nb3 24. Bxb3 cxb3 25. Rxb3 Nb6 26. Qe2 Nc4 27. Ng4 Bg5 28. Bxg5 Qxg5 29. Ne3 Nb6 30. Rba3 h5 31. Kh1 Na4 32. c4 Bb7 33. b4 Qf4 34. Nd1 h4 35. Nf1 Rac8 36. Nh2 Rxc4 0-1